2018 Military Strength Ranking Countries - Statistics

General Stats
  • This quiz has been taken 112 times
  • The average score is 25 of 30
Answer Stats
# Answer % Correct
5 France
100%
2 Russia
100%
3 China
99%
6 UK
99%
1 US
99%
14 Brazil
97%
4 India
96%
10 Germany
95%
8 Japan
93%
11 Italy
91%
19 Spain
91%
21 Australia
90%
25 Canada
90%
7 South Korea
88%
13 Iran
86%
18 North Korea
86%
22 Poland
86%
16 Israel
84%
17 Pakistan
84%
9 Turkey
84%
12 Egypt
82%
26 Saudi Arabia
78%
15 Indonesia
77%
29 Ukraine
77%
27 Thailand
70%
20 Vietnam
67%
28 Greece
59%
24 Taiwan
56%
23 Algeria
54%
30 Czech Republic
28%
No matching quizzes found
Score Distribution
Percent of People with Each Score
Percentile by Number Answered
Your Score History
You have not taken this quiz